Chuyển đến nội dung

Уголовный процесс. Ч. 1 учебное пособие Ч. 1 Уголовный процесс. Ч. 1

Пособие составлено в соответствии с требованиями Федерального государственного образовательного стандарта уровня бакалавриата по направлению подготовки 38.03.04 "Государственное и муниципальное управление". Системное и доступное изложение материала позволит наиболее эффективным образом исп...

Mô tả đầy đủ

Đã lưu trong:
Chi tiết về thư mục
Tác giả chính: Мирошниченко Н. В.
Tác giả khác: Дедюхина И. Ф., Жданова О. В., Лабовская Ю. В., Максимов В. Ю.
Định dạng: Книга
Ngôn ngữ:Russian
Được phát hành: Ставрополь СтГАУ 2022
Những chủ đề:
Truy cập trực tuyến:https://e.lanbook.com/book/360173
https://e.lanbook.com/img/cover/book/360173.jpg
Các nhãn: Thêm thẻ
Không có thẻ, Là người đầu tiên thẻ bản ghi này!
LEADER 02566nam0a2200385 i 4500
001 360173
003 RuSpLAN
005 20240216150948.0
008 240216s2022 ru gs 000 0 rus
040 |a RuSpLAN 
041 0 |a rus 
044 |a ru 
084 |a Х411я7  |2 rubbk 
245 1 |a Уголовный процесс. Ч. 1  |b учебное пособие  |c Мирошниченко Н. В.,Дедюхина И. Ф.,Жданова О. В.,Лабовская Ю. В.,Максимов В. Ю.   |n Ч. 1  |p Уголовный процесс. Ч. 1 
260 |a Ставрополь  |b СтГАУ  |c 2022 
300 |a 124 с. 
504 |a Библиогр.: доступна в карточке книги, на сайте ЭБС Лань 
520 8 |a Пособие составлено в соответствии с требованиями Федерального государственного образовательного стандарта уровня бакалавриата по направлению подготовки 38.03.04 "Государственное и муниципальное управление". Системное и доступное изложение материала позволит наиболее эффективным образом использовать время и имеющиеся знания при подготовке к практическим занятиям, зачетам и экзаменам. Подготовлен в строгом соответствии с уголовно-процессуальным законодательством Российской Федерации. 
521 8 |a Книга из коллекции СтГАУ - Право. Юридические науки 
521 8 |a СЭБ 
653 0 |a доказательства 
653 0 |a доказывание 
653 0 |a меры процессуального принуждения 
653 0 |a судебное производство 
653 0 |a уголовно-процессуальное право 
653 0 |a уголовное судопроизводство 
653 0 |a уголовный процесс 
100 1 |a Мирошниченко Н. В. 
700 1 |a Дедюхина И. Ф. 
700 1 |a Жданова О. В. 
700 1 |a Лабовская Ю. В. 
700 1 |a Максимов В. Ю. 
856 4 |u https://e.lanbook.com/book/360173 
856 4 8 |u https://e.lanbook.com/img/cover/book/360173.jpg 
953 |a https://e.lanbook.com/img/cover/book/360173.jpg